| Tag |
First Indicator |
Second Indicator |
Subfields |
| LEADER |
00000cam a22000001i 4500 |
| 001 |
in00004119913 |
| 005 |
20200117090853.0 |
| 006 |
m d f |
| 007 |
cr bn mmmapmmp |
| 008 |
091109s1979 dcu o f000 0 eng d |
| 035 |
|
|
|a cis2007528841
|
| 040 |
|
|
|a UMI
|b eng
|e rda
|c UMI
|d UtOrBLW
|
| 110 |
1 |
|
|a United States.
|b Congress.
|b Senate.
|b Committee on Foreign Relations,
|e issuing body.
|0 http://id.loc.gov/authorities/names/n78008230
|
| 245 |
1 |
0 |
|a Nominations of Anthony Quainton [and Other Ambassadors and Foreign Affairs Officials].
|
| 264 |
|
1 |
|a [Washington :
|b U.S. G.P.O.],
|c 1979.
|
| 300 |
|
|
|a 155 pages, digital, PDF file.
|
| 336 |
|
|
|a text
|2 rdacontent
|b txt
|
| 337 |
|
|
|a computer
|b c
|2 rdamedia
|
| 338 |
|
|
|a online resource
|2 rdacarrier
|b cr
|
| 500 |
|
|
|a Record is based on bibliographic data in ProQuest Congressional Hearings Digital Collection (last viewed July 2018) Reuse except for individual research requires license from ProQuest, LLC.
|
| 538 |
|
|
|a System requirements: PDF reader software.
|
| 500 |
|
|
|a Electronic resource.
|
| 610 |
1 |
0 |
|a United States.
|b Agency for International Development.
|0 http://id.loc.gov/authorities/names/n82167227
|
| 610 |
1 |
0 |
|a United States.
|b Department of State.
|0 http://id.loc.gov/authorities/names/n80126198
|
| 610 |
1 |
0 |
|a United States.
|b Executive Office of the President.
|0 http://id.loc.gov/authorities/names/n79071234
|
| 776 |
0 |
8 |
|a United States. Congress. Senate. Committee on Foreign Relations
|t Nominations of Anthony Quainton [and Other Ambassadors and Foreign Affairs Officials]
|o 96 SFo-T.64
|
| 730 |
0 |
|
|a ProQuest U.S. Congressional Hearings Digital Collection.
|
| 856 |
4 |
0 |
|u http://proxy.library.tamu.edu/login?url=http://congressional.proquest.com/congcomp/getdoc?HEARING-ID=HRG-1979-FOR-0115
|y Electronic resource (PDF)
|t 0
|
| 999 |
f |
f |
|s 29a4da5d-8e56-3cbc-8211-788184ac5ccf
|i 5b8f560b-246e-3579-8f2f-7eb06f60149a
|t 0
|
| 952 |
f |
f |
|a Texas A&M University
|b College Station
|c Electronic Resources
|d Available Online
|t 0
|h No information provided
|
| 998 |
f |
f |
|t 0
|l Available Online
|